00955nam a2200313Ia 4500008004000000020001500040041000800055082001700063100002600080245005100106260006100157300001300218650001200231650000700243650003400250650001900284650001800303650001700321650001400338650001300352650001800365650002500383650000600408690001700414700002200431906001100453999001900464952015800483210210b2007 xxu||||| |||| 00| 0 eng d a8188237418 aeng a574.192 RAOE aRAO (Shashidhar Bidu) aExperimental biochemistry: a student companion aNew DelhibI.K. International Pub. House Pvt. Ltd.c2007 axiv,302; astudent apH alaboratory safety and hygiene aimmunochemical afood analysis aExperimental acompanion aclinical abiochemistry: abiochemical analysis aa aBiochemistry aDESHPANDE (Vijay) a062329 c117381d117381 001040708BotanyaALbALcBiochemistryd2021-02-17eKnowledge World, Bangalore-18g325.00l0o574.192 RAOEp062329r2021-02-17 00:00:00w2021-02-17yBK